000 00286nam a22001337a 4500
008 170921b xxu||||| |||| 00| 0 eng d
020 _a9780495646570
041 _aeng
080 _a78
100 _a45
101 _aMUZ
245 _aMUSIC APPRECIATION
_cHOFER.CH
942 _2udc
_cBK
999 _c28818
_d28818